000 00337nam a22001337a 4500
005 20230720134607.0
008 230720b ||||| |||| 00| 0 eng d
040 _cAL
041 _aeng
100 _aChowdhry D Paul
_9127932
245 _aSocial welfare administration
260 _aNew Delhi
_bAtma Ram & Sons
_c2000
942 _2ddc
_cBK
999 _c228021
_d228021